00213nam a2200085Ia 450000100070000000500170000700800410002424500430006526000190010866073720250826160119.0250824s9999 xx 000 0 und d 0a1 O Ben Değildim Ki!cNancy Krulik bBEYAZ BALİNA